[Event "Schaffhausen op"]
[Site "Schaffhausen"]
[Date "2024.01.13"]
[Round "3"]
[White "Pan, Yun"]
[Black "Ram, Sanjay"]
[Result "1-0"]
[WhiteElo "1776"]
[BlackElo "1433"]
[PlyCount "69"]
[EventDate "2024.01.12"]
[EventType "swiss"]
[EventRounds "5"]
[EventCountry "SUI"]
[SourceTitle "CB04_2024"]
[SourceDate "2023.10.16"]
[SourceVersion "1"]
[SourceVersionDate "2023.10.16"]
[SourceQuality "1"]

1. e4 e5 2. Nf3 Nc6 3. Bc4 Bc5 4. c3 Nf6 5. d4 exd4 6. 0-0 dxc3 7. e5 Ng4 8. Bxf7+ Kxf7 9. Qd5+ Ke8 10. Qxc5 d6 11. exd6 Qxd6 12. Re1+ Ne7 13. Qxd6 cxd6 14. Nxc3 Kf7 15. Ng5+ Kf8 16. Bf4 h6 17. Nf3 Nc6 18. Bxd6+ Kf7 19. b4 Bf5 20. b5 Na5 21. Re7+ Kg8 22. Nd4 Bg6 23. Ne6 Bf7 24. Re1 Nf6 25. Bb4 b6 26. h3 Re8 27. Rxe8+ Bxe8 28. Nc7 Kh7 29. Re7 Bg6 30. Ne6 Rg8 31. Rxa7 Bf5 32. Nd4 Bd3 33. Bxa5 bxa5 34. b6 Rb8 35. b7 1-0

[Event "Solingen Karneval op"]
[Site "Solingen"]
[Date "2015.02.15"]
[Round "5"]
[White "Pan, Yun"]
[Black "Lindam, Ingo"]
[Result "0-1"]
[WhiteElo "1646"]
[BlackElo "2064"]
[PlyCount "126"]
[EventDate "2015.02.13"]
[EventType "swiss"]
[EventRounds "5"]
[EventCountry "GER"]
[SourceTitle "EXT 2016"]
[Source "ChessBase"]
[SourceDate "2015.10.08"]
[SourceVersion "1"]
[SourceVersionDate "2015.10.08"]
[SourceQuality "1"]

1. e4 c5 2. Nf3 e6 3. d4 cxd4 4. Nxd4 Nc6 5. Nb5 d6 6. c4 Nf6 7. N1c3 a6 8. Na3 Be7 9. Be2 b6 10. 0-0 Bb7 11. Be3 0-0 12. f4 d5 13. cxd5 exd5 14. e5 d4 15. exf6 Bxf6 16. Nc2 dxe3 17. Qxd8 Raxd8 18. Bf3 Rd2 19. Nxe3 Bd4 20. Rfe1 Re8 21. Ncd5 Nb4 22. Kh1 Nd3 23. Re2 Rxe2 24. Bxe2 Bxe3 25. Nc7 Nf2+ 26. Kg1 Rc8 27. Nxa6 Nd3+ 28. Kf1 Bxa6 29. Rd1 Rc1 30. Rxc1 Bxc1 31. g3 Bxb2 32. a4 Nc5 33. Bxa6 Nxa6 34. Ke2 Nc5 35. Kd2 Nxa4 36. Kc2 Bd4 37. h3 Nc5 38. f5 b5 39. g4 Bf6 40. Kb1 Kf8 41. Ka2 b4 42. Kb1 Ke7 43. Kc2 Kd6 44. Kd2 Kd5 45. Ke3 b3 46. Kd2 Ke4 47. Kc1 Kf3 48. Kb1 Kg3 49. g5 Bxg5 50. h4 Bxh4 51. Kb2 Bf6+ 52. Kb1 h5 53. Kc1 h4 54. Kd2 Kf4 55. Kd1 h3 56. Ke1 h2 57. Kd2 b2 58. Kc2 Kxf5 59. Kd2 b1Q 60. Ke3 Qd3+ 61. Kf2 Ne4+ 62. Kg2 Qg3+ 63. Kf1 Qf2# 0-1